| 000 | 00802cam a22002414a 4500 | ||
|---|---|---|---|
| 001 | 12475113 | ||
| 005 | 20180829043530.0 | ||
| 008 | 010718s2002 nyua b 001 0 eng | ||
| 010 | _a 2001045558 | ||
| 020 | _a0471413658 (cloth : alk. paper) | ||
| 040 |
_aDLC _cDLC _dDLC |
||
| 041 | _aeng | ||
| 042 | _apcc | ||
| 080 | _a658.1511 | ||
| 082 | 0 | 0 |
_a658.1511 _221 |
| 100 | 1 | _a62 | |
| 101 | _aKM | ||
| 245 | 1 | 0 |
_aManagerial accounting : _cJerry J. Weygandt, Donald E. Kieso, Paul D. Kimmel. |
| 504 | _aIncludes bibliographical references and index. | ||
| 906 |
_a7 _bcbc _corignew _d1 _eocip _f20 _gy-gencatlg |
||
| 942 |
_2ddc _cBK |
||
| 999 |
_c47390 _d47390 |
||